00796nam a2200217 i 4500001000700000003000900007005001700016007000300033008004100036100002900077245022100106250001300327260003400340300004100374650002800415651002900443651002800472700002800500700002900528852002100557136441ES-MaACL20240516063048.0t|070214s1907 fr |||| | fre d0 aRuskin, John,d1819-190014aLes pierres de Venise b: estudes locales pouvant servir de direction aux voyageurs séjournant áa Venise et áa Verone / cJohn Ruskin ; trad. par Mme. Mathilde P. Crémieux ; préf. de Robert de la Sizeranne. a3e éd. aParis : bH. Laurens, c1907. aXXVIII, 323 p., 23 lám. ; c25 cm. 4aArquitectura-zVenecia. 4aVenecia-xDescripción. 4aVerona-xDescripción.1 aCrémieux, Mathilde P.1 aLa Sizeranne, Robert de. aES-MaACLjF-6738